000 00841cam a2200253 i 4500
001 2710805
003 ARRUPE
005 20140612131159.0
008 760709s1974 rh af 000 0 eng
010 _a 76355387
020 _a0582641527
040 _aDLC
_cDLC
_dDLC
043 _af-rh---
050 0 0 _aQL692.S667
_bS75
082 0 0 _a598.2/689/1
100 1 _aSteyn, Peter,
_d1936-
_910910
245 1 0 _aWankie birds :
_ba guide to the common birds of Wankie National Park /
_cPeter Steyn.
260 _aSalisbury :
_bLongman Rhodesia,
_c1974.
300 _avi, 57 p., [12] leaves of plates :
_bill. (some col.) ;
_c21 cm.
650 0 _aBirds
_zZimbabwe
_zHwange National Park
_xPictorial works.
_910911
651 0 _aHwange National Park (Zimbabwe)
_910912
906 _a7
_bcbc
_corignew
_du
_encip
_f19
_gy-gencatlg
942 _2lcc
_cSPC
999 _c120732
_d120732